Soziologie in Deutschland: Begründer, Verfechter, Verächter
René König: "Soziologie in Deutschland". Begründer - Verächter - Verfechter. Carl Hanser Verlag, München 1987. 503 S., kt., 48,- DM
| Autor principal: | |
|---|---|
| Tipo de documento: | Print Libro |
| Lenguaje: | Alemán |
| Publicado: |
München [u.a.]
Hanser
c 1987
|
| En: | Año: 1987 |
| Acceso en línea: |
Índice |
| Disponibilidad en Tübingen: | Disponible en Tübingen. IFK: O I 221 |
| Verificar disponibilidad: | HBZ Gateway |
| Servicio de pedido Subito: | Pedir ahora. |
| Palabras clave: |
MARC
| LEADER | 00000cam a2200000 c 4500 | ||
|---|---|---|---|
| 001 | 027312186 | ||
| 003 | DE-627 | ||
| 005 | 20260206204857.0 | ||
| 007 | tu | ||
| 008 | 871028s1987 gw ||||| 00| ||ger c | ||
| 016 | 7 | |a 870769448 |2 DE-101 | |
| 020 | |a 3446148884 |9 3-446-14888-4 | ||
| 035 | |a (DE-627)027312186 | ||
| 035 | |a (DE-603)007420900 | ||
| 035 | |a (DE-576)012858536 | ||
| 035 | |a (DE-599)GBV027312186 | ||
| 035 | |a (OCoLC)17383304 | ||
| 035 | |a (OCoLC)241768438 | ||
| 035 | |a (OCoLC)17383304 | ||
| 035 | |a (OCoLC)241768438 | ||
| 035 | |a (DE-Rt5)0793543 | ||
| 040 | |a DE-627 |b ger |c DE-627 |e rakwb | ||
| 041 | |a ger | ||
| 044 | |c XA-DE |c XA-AT | ||
| 082 | 0 | |a 301.072043 | |
| 082 | 0 | |a 301.094309 | |
| 082 | 0 | |a 301./09/43 |q OCLC | |
| 084 | |a S 55 KÖN |2 sfb | ||
| 084 | |a S 40 |2 sfb | ||
| 084 | |a 14 |2 sdnb | ||
| 084 | |a 1 |2 ssgn | ||
| 084 | |a MQ 2700 |2 rvk |0 (DE-625)rvk/123418: | ||
| 084 | |a MQ 3431 |2 rvk |0 (DE-625)rvk/123445: | ||
| 084 | |a 71.00 |2 bkl | ||
| 084 | |a 71.01 |2 bkl | ||
| 100 | 1 | |a König, René |d 1906-1992 |e Verf. |0 (DE-588)118564390 |0 (DE-627)137836449 |0 (DE-576)161771912 |4 aut | |
| 109 | |a König, René 1906-1992 |a Kenihi, Rune 1906-1992 |a König, R. 1906-1992 |a Kēnihi, Rune 1906-1992 |a König, Rene 1906-1992 | ||
| 245 | 1 | 0 | |a Soziologie in Deutschland |b Begründer, Verfechter, Verächter |c René König |
| 264 | 1 | |a München [u.a.] |b Hanser |c c 1987 | |
| 300 | |a 503 S. |b graph. Darst. |c 22 cm | ||
| 336 | |a Text |b txt |2 rdacontent | ||
| 337 | |a ohne Hilfsmittel zu benutzen |b n |2 rdamedia | ||
| 338 | |a Band |b nc |2 rdacarrier | ||
| 500 | |a Literatur- u. Quellenverz. S. 443 - 495 | ||
| 505 | 8 | |a Enth. 10 Beitr. | |
| 520 | |a René König: "Soziologie in Deutschland". Begründer - Verächter - Verfechter. Carl Hanser Verlag, München 1987. 503 S., kt., 48,- DM | ||
| 583 | 1 | |a Archivierung/Langzeitarchivierung gewährleistet |f SSG |x XA-DE-BW |2 pdager |5 DE-21 | |
| 650 | 7 | |8 1.1\x |a Soziologie |0 (DE-627)091390648 |0 (DE-2867)16564-2 |2 stw | |
| 650 | 0 | 7 | |0 (DE-588)4077624-4 |0 (DE-627)104152036 |0 (DE-576)209205849 |a Soziologie |2 gnd |
| 651 | 7 | |0 (DE-588)4011882-4 |0 (DE-627)104704861 |0 (DE-576)208896155 |a Deutschland |2 gnd | |
| 689 | 0 | 0 | |d g |0 (DE-588)4011882-4 |0 (DE-627)104704861 |0 (DE-576)208896155 |a Deutschland |2 gnd |
| 689 | 0 | 1 | |d s |0 (DE-588)4077624-4 |0 (DE-627)104152036 |0 (DE-576)209205849 |a Soziologie |2 gnd |
| 689 | 0 | 2 | |a z |2 gnd |a Geschichte |
| 689 | 0 | |5 DE-101 | |
| 856 | 4 | 2 | |u http://d-nb.info/870769448/04 |m B:DE-101 |q application/pdf |v 20130501 |x Verlag |3 Inhaltsverzeichnis |7 1 |
| 889 | |w (DE-627)255476299 | ||
| 935 | |a mteo | ||
| 935 | |i Blocktest | ||
| 935 | |h HEB |i 0501 | ||
| 935 | |h HEB |i 0503 | ||
| 936 | r | v | |a MQ 2700 |b Beiträge zur Entwicklung der Soziologie in einzelnen Ländern |k Soziologie |k Einführung und Geschichte |k Geschichte der Soziologie |k Beiträge zur Entwicklung der Soziologie in einzelnen Ländern |0 (DE-627)1271427435 |0 (DE-625)rvk/123418: |0 (DE-576)201427435 |
| 936 | r | v | |a MQ 3431 |b König, René |k Soziologie |k Einführung und Geschichte |k Einzelne Autoren |k Autoren K |k König, René |0 (DE-627)1328118819 |0 (DE-625)rvk/123445: |0 (DE-576)258118814 |
| 936 | b | k | |a 71.00 |j Soziologie: Allgemeines |0 (DE-627)106423444 |
| 936 | b | k | |a 71.01 |j Geschichte der Soziologie |0 (DE-627)106412507 |
| 936 | s | n | |a m200 |2 mzub |
| 951 | |a BO | ||
| ELC | |b 1 | ||
| LOK | |0 000 xxxxxcx a22 zn 4500 | ||
| LOK | |0 001 3262540579 | ||
| LOK | |0 003 DE-627 | ||
| LOK | |0 004 027312186 | ||
| LOK | |0 005 20141201150007 | ||
| LOK | |0 008 930429||||||||||||||||ger||||||| | ||
| LOK | |0 040 |a DE-21-110 |c DE-627 |d DE-21-110 | ||
| LOK | |0 689 |a s |a Soziologie | ||
| LOK | |0 852 |a DE-21-110 | ||
| LOK | |0 852 1 |c O I 221 |m p |9 00 | ||
| LOK | |0 935 |a k110 | ||
| LOK | |0 936ln |a 7.1 | ||
| LOK | |0 938 |k p | ||
| LOK | |0 939 |a 29-04-93 |b l01 | ||
| ORI | |a SA-MARC-krimdoka001.raw | ||
| SIG | |a IFK: O I 221 | ||
| TIM | |a 100019901003_100020261231 |b 1990-10-03 - 2026 | ||
